000 00436nmm a2200145Ia 4500
008 251105s9999||||xx |||||||||||||||||und||
041 _aspa
100 _aLark, Sarah
245 2 _aA la sombra del árbol Kauri :
_b Trilogía del Kauri Vol. II
264 _a[Madrid, España] :
_bEdiciones B,
_c2014
300 _a752 páginas
650 _aOther narratives
856 _uhttps://public.digitaliapublishing.com/a/53541
942 _cCF
999 _c104860
_d104860